Modelovanie systému riadenia VHJ a podniku v podmienkach automatizácie riadenia situačná správa : čiastková úloha SPEV 903-533-201
Saved in:
| Format: | Book |
|---|---|
| Language: | Slovak |
| Published: |
Bratislava
Vysoká škola ekonomická
1984
|
| Tags: |
No Tags, Be the first to tag this record!
|
MARC
| LEADER | 00000nam a2200000 4500 | ||
|---|---|---|---|
| 001 | c110065 | ||
| 005 | 20250703113325.0 | ||
| 041 | 0 | |a slo | |
| 044 | |a SK | ||
| 245 | 1 | 0 | |a Modelovanie systému riadenia VHJ a podniku v podmienkach automatizácie riadenia |b situačná správa : čiastková úloha SPEV 903-533-201 |
| 264 | 1 | |a Bratislava |b Vysoká škola ekonomická |c 1984 | |
| 300 | |a 20 s. | ||